Forma y simetría: una sistemática de los cuerpos simétricos

Saved in:
Bibliografiske detaljer
Main Authors: Wolf, Karl Lothar (Author), Kuhn, Dorothea (Author)
Format: Bog
Sprog:spansk
Udgivet: Buenos Aires EUDEBA 1960
Udgivelse:2a. ed
Serier:Colección Cuadernos, 3
Fag:
Tags: Tilføj Tag
Ingen Tags, Vær først til at tagge denne postø!

MARC

LEADER 00000nam a2200000 a 4500
001 UCW0027
003 CL-VaPUC
008 930907e19600000AG |||||||||||||||||spa|d
082 0 4 |a 701.8  |b WOL  |2 21 
100 0 |a Wolf, Karl Lothar  |e author  |9 304011 
700 0 |a Kuhn, Dorothea  |e author  |9 304012 
245 1 0 |a Forma y simetría: una sistemática de los cuerpos simétricos 
250 |a 2a. ed 
300 |a 55 p 
942 |c BK 
945 |d 19930907 00:00:00 
260 |a Buenos Aires  |b EUDEBA  |c 1960 
650 0 |a Simetría  |9 269045 
650 0 |a Proporción (Arte)  |9 265738 
583 |a last modification  |c 19930907 00:00:00  |k Rodrigo Vera 
490 0 |a Colección Cuadernos, 3 
999 |c 215281  |d 215279 
952 |0 0  |1 0  |4 0  |6 701_800000000000000_WOL_1960  |7 0  |8 A  |9 199365  |a BIBARQ  |b BIBARQ  |d 2019-11-14  |i 2666677  |l 1  |o 701.8 WOL 1960  |p 2666677  |r 2025-01-20  |s 2023-04-17  |w 2019-11-14  |y BK  |k ARQ